000 00348nam a22001697a 4500
003 UA-OsUOA
001 4940
007 ta
008 20050721b un ||||| |||| 00| 0 ukr d
100 _aDurr
700 _aWilliam K.
942 _cBK
040 _aUA-OsUOA
_cUA-OsUOA
_dUA-OsUOA
245 _aSerendipity.
_bReading
955 _a2
650 7 _2UDC
999 _c291102
_d291102